000 00289nam a2200133Ia 4500
100 _aNovikov/ I.
942 _cBK
654 _ametals
245 _aTheory of eat treatment of metals
260 _bMir Publishers
_aMoscow
_c1978
082 _a671.36
300 _a435
546 _aENGLISH
999 _c22068
_d22068